| 000 | 00524nam a2200205Ia 4500 | ||
|---|---|---|---|
| 003 | GCL | ||
| 008 | 140319s9999 xx 000 0 eng d | ||
| 040 |
_aGCL / _cGCL |
||
| 082 | 0 | 4 |
_a709.003 _bB S |
| 100 | 1 | _aBARRIELLE, JEAN FRANCOIS | |
| 245 | 1 | 0 |
_aLE STYLE LOUIS XV / _cBARRIELLE, JEAN FRANCOIS |
| 260 |
_a[S.N] : _bFLAMMARION ، _c1992 |
||
| 300 | _a63 | ||
| 650 | 0 | 4 | _aLOUIS XV STYLE |
| 650 | 0 | 4 | _aINTERIOR DECORATION |
| 650 | 0 | 4 | _aARTS |
| 650 | 0 | 4 | _aARCHITECTURE |
| 650 | 0 | 4 | _aINTERIOR DESIGN |
| 942 |
_2ddc _cBK |
||
| 999 |
_c25262 _d25262 |
||